| 000 | 00347nam a22001457a 4500 | ||
|---|---|---|---|
| 003 | SGT | ||
| 082 |
_a617.643 _bC21S |
||
| 100 | _aSingh, Subi | ||
| 245 | _aCone Beam computed Tomography evaluation... | ||
| 260 |
_aGurugram, Haryana _bSGT University _c2021 |
||
| 300 | _a70 | ||
| 650 | _aOrthodontics | ||
| 653 | _aOrthodontics | ||
| 942 |
_2ddc _cTH |
||
| 999 |
_c23590 _d23590 |
||